True or false - Statistics

General Stats
  • This quiz has been taken 22 times
  • The average score is 9 of 12
Answer Stats
Question Answer % Correct
The best sword is the diamond sword False
100%
1 diamond block = 81 diamond nuggets False
93%
The wither is stronger than the ender dragon. True
93%
snowmen die when it starts to rain in minecraft. True
86%
The netherite hoe is one of the worst things you can craft with your netherite. True
86%
1 gold block = 81 gold nuggets True
79%
There is an easter egg on java edition in which the name "minecraft" can have an extremely low chance and change to "Minceraft" while in the menu screen. True
79%
The strongest mob in the game is an iron golem if aggro. False
71%
Wolves collars can be changed with colored dyes. True
71%
The worst sword is the wooden sword. False
50%
If you wear feather falling 3 boots or more, it counteracts the levitating effect given by shulkers. False
50%
Ender dragons can be respawned in survival. True
50%
No matching quizzes found
Score Distribution
Percent of People with Each Score
Percentile by Number Answered
Your Score History
You have not taken this quiz